Devinez la Capitale Mystère #35 - Statistiques

Statistiques générales
  • Ce quiz a été pris 195 fois
  • Le résultat moyen est 26 sur 36
Statistiques - réponses
Type de Réponse Réponse % Correct
Lettre de l'Alphabet R
100%
Lettre Trouvée A
99%
Lettre de l'Alphabet E
99%
Lettre Trouvée I
99%
Lettre de l'Alphabet O
99%
Lettre Trouvée S
99%
Lettre de l'Alphabet N
96%
Lettre de l'Alphabet T
96%
Lettre Trouvée L
95%
Lettre de l'Alphabet U
91%
Lettre Trouvée B
90%
Lettre Trouvée D
90%
Lettre Trouvée M
90%
Lettre de l'Alphabet P
90%
Lettre Bien Placée A
82%
Lettre de l'Alphabet G
79%
Lettre de l'Alphabet K
79%
Lettre de l'Alphabet C
76%
Lettre Bien Placée A
75%
Lettre de l'Alphabet H
75%
Lettre Bien Placée A
71%
Lettre de l'Alphabet V
70%
Lettre de l'Alphabet W
70%
Lettre Bien Placée L
60%
Lettre de l'Alphabet J
59%
Lettre de l'Alphabet Y
58%
Lettre de l'Alphabet X
51%
Lettre de l'Alphabet Z
44%
Lettre de l'Alphabet F
41%
Lettre Bien Placée M
39%
Lettre Bien Placée B
38%
Lettre Bien Placée S
38%
Lettre de l'Alphabet Q
37%
Lettre Bien Placée D
33%
Lettre Bien Placée I
33%
Capitale Mystère Islamabad
33%
Aucun quiz correspondant
Distribution des résultats
% des personnes avec chaque résultat
Percentile par nombre de réponses
Votre historique - résultats
Vous n’avez pas pris ce quiz